| 000 | 00433nam a2200157Ia 4500 | ||
|---|---|---|---|
| 008 | 210719s1974 xx 000 0 und d | ||
| 041 | _aeng | ||
| 082 | _a331.0973 BOKL | ||
| 100 | _aBOK (Derek C) & DUNLOP (John T) | ||
| 245 | _aLabor and the American community. | ||
| 260 |
_aND _bAffiliated East-West Prees Pvt. Ltd. _c1974 |
||
| 300 |
_a542 _bHB |
||
| 365 |
_b15 _cRs |
||
| 650 | _aLabour Economics | ||
| 906 | _aAmerican labour | ||
| 999 |
_c212822 _d212822 |
||